| 000 | 00929nas a2200301 4500 | ||
|---|---|---|---|
| 001 | BR0604648 | ||
| 003 | BR-BrBNA | ||
| 005 | 20231205110438.0 | ||
| 007 | ta | ||
| 008 | 230509b bl.|||p| |||| 00| 00por d | ||
| 040 |
_aBR-BrBNA _bpor _cBiblioteca Nacional de Agricultura |
||
| 041 | _a(Pt) | ||
| 072 | _aF08; E16 | ||
| 100 | 1 | _aRezende, B.L.A. | |
| 100 | 1 | _aCecílio Filho, A.B. | |
| 100 | 1 | _aCatelan, F. | |
| 100 | 1 | _aMartins, M.I.E.G. | |
| 245 | 1 | _aAnálise econômica de cultivos consorciados de alface americana x rabanete: um estudo de caso | |
| 650 | _aALFACE | ||
| 650 | _aRABANETE | ||
| 650 | _aCONSORCIAÇÃO DE CULTURA | ||
| 650 | _aCUSTO DE PRODUÇÃO | ||
| 650 | _aRENTABILIDADE | ||
| 650 | _aANÁLISE ECONÔMICA | ||
| 773 | 0 |
_tHorticultura Brasileira (Brazil) _xISSN 0102-0536 _g(Jul-Sep 2005), v. 23(3) p. 853-858 _wBR0604648 |
|
| 909 |
_a202311 _bLúcia _c55 _dLúcia Elande |
||
| 942 |
_2AGRIS _n0 _cANA |
||
| 999 |
_c187417 _d187417 |
||